000 00671nam a2200253 i 4500
001 000000002
003 DO-SdBNP
005 20260318103912.0
007 ta
008 260317s2025 dr 0000 spa d
020 _a9789945656862
040 _aDO-SdBNP
_bspa
_cBNPHU
041 _aspa
082 4 _a860
_bM974t
_222
100 1 _aMartínez, Hiarcady
_eautor
_989237
245 1 0 _aTakuya
264 1 _aSanto Domingo
_bEditorial Santuario
_c2025
300 _a82 páginas
_c6x9cm.
336 _atexto
_btxt
_2rdacontent
337 _asin mediación
_bn
_2rdamedia
338 _avolumen
_bnc
_2rdacarrier
650 4 _aLiteratura Dominicana
942 _2ddc
_cLBS1
999 _c60513
_d60513